000 00860nam a2200253Ia 4500
003 OSt
005 20220923215126.0
006 a|||||r|||| 00| 0
007 ta
008 220922b |||||||| |||| 00| 0 hin d
024 _a175,833
037 _cTextual
040 _aARTS
_cARTS
_bhin
041 _2hin
_ahin
082 _aO152,1:g(Q:22), M0
100 _aशर्मा, लक्ष्मीनारायण
245 0 _aपुराख्यान और कविता
246 _aPurākhyān aur kavitā
260 _aदिल्ली
_b नेशनल पब्लि हाउस
_c1980
300 _a180 पृ.
_ccm.
650 _aहिन्दी साहित्य
_9156264
942 _hO152,1:g(Q:22), M0
_cTEXL
_2CC
999 _c329512
_d329512